000 00680nam a22002177a 4500
003 UA-OsUOA
001 38338
007 ta
008 20060504b un ||||| |||| 00| 0 ukr d
100 _aДобрушина Н.Р.
090 _a81
_bД11
942 _cSA
040 _aUA-OsUOA
_brus
_cUA-OsUOA
_dUA-OsUOA
245 _aГраматические формы и конструкции со значением опасения и предостережения
300 _a28-67 с.
955 _a0
041 _arus
080 _a81
773 0 _w38337
650 7 _a8 Мовознавство. Художня література. Літературознавство
_2UDC
999 _c324504
_d324504